LEADER 01246nam a2200301 u 4500 001 000000063530 003 CaOOAMICUS 005 20070226121244.0 008 011030s1978 it u000 u ita u 035 $a10908225 040 $aPUL(R)$bita 100 1 $aSalvoni, Fausto.$0(OLS)http://pul/name/43088 245 10$aConfessione e perdono dei peccati /$cFausto Salvoni. 260 $aGenova :$bEditrice Lanterna,$cc1978. 300 $a150 p. ;$c22 cm 490 1 $aDal cristianesimo al cattolicesimo ;$v4 490 1 $aBiblioteca di studi storico-teologici ;$v5 500 $aBibliografia in nota. 650 4$aConfessione.$0(OLS)http://pul/subject/3061 650 4$aPerdono.$0(OLS)http://pul/subject/20240 830 0$aDal cristianesimo al cattolicesimo ;$v4.$0(OLS)http://pul/title/84707 830 0$aBiblioteca di studi storico-teologici ;$v5.$0(OLS)http://pul/title/84708 850 $aPUL 852 $aPUL$W1$xSL Religione 1$y3$m73 M 35$j82443$nBK-PRI$b $qStampati$B82443$CPULBib$Z2$F82443 $H $81 941 1 $a8 961 $aINV: 41195 996 $6245$aConfessione e perdono dei peccati$9(OLS)http://pul/title/84709 996 $6260$aGenova :$bEditrice Lanterna$9(OLS)http://pul/publisher/68236 LEADER 01566nam a2200325 a 4500 001 000000162890 003 CaOOAMICUS 005 20170925152858.0 006 a 000 u 008 170925s1995 it m 001 u ita r 032 $aLibriCat 040 $aPUL$bita 100 1 $aCioli, Gianni.$0(OLS)http://pul/name/85146 245 10$aCoscienza ecclesiale, conversione e agire morale : $brapporto fra ecclesiologia e conversione nel magistero di Paolo VI / $cGianni Cioli. 260 $aFirenze :$b[s.n.],$c1995. 300 $a94 p. ;$c25 cm. 502 $aEstratto di Tesi -- Pontificia Universitas Gregoriana. Facoltā di Teologia. 1991. 504 $aBibliografia in nota a pič pagina. 600 04$aPaulus PP.$bVI,$csanto,$d1897-1978.$0(OLS)http://pul/subject/5648 710 2 $aPontificia Universitā Gregoriana.$bFacoltā di teologia.$kTesi.$0(OLS)http://pul/name/81592 850 $aPUL 852 $aPUL$W1$xDP1 Tesi Pon. Univ. Gregoriana$y40$mTH PUG 4177$j186865$qTesi$B190108$CPULBib$Z2$F190108 $H75969 $82 941 1 $a16 960 $aPapi (1963-1978 : Paulus PP. VI)$95648 960 $aPapi (1963-1978 : Paulus PP. VI)$95648 960 $aPaolo VI,$cpapa, b.,$d1897-1978$95648 960 $aMontini, Giovanni Battista,$cb.,$d1897-1978$95648 996 $6245$aCoscienza ecclesiale, conversione e agire morale : $brapporto fra ecclesiologia e conversione nel magistero di Paolo VI / $9(OLS)http://pul/title/202632 996 $6260$aFirenze :$b[s.n.]$9(OLS)http://pul/publisher/49454